Tile Select - Olympics - Statistics

General Stats
  • This quiz has been taken 259 times
  • The average score is 58 of 80
Answer Stats
Question Tile Select % Correct
Cities that have hosted the Olympic games. Bangkok No
98%
Cities that have hosted the Olympic games. Hong Kong No
97%
Cities that have hosted the Olympic games. London Yes
95%
Athletes that have won multiple Olympic gold medals. Michael Phelps Yes
95%
Athletes that have won multiple Olympic gold medals. Usain Bolt Yes
95%
Cities that have hosted the Olympic games. Athens Yes
94%
Official events in either the Winter or Summer Olympic games (does not include demonstration sports). Billiards No
94%
Countries which have received no Olympic medals. India No
94%
Countries which have received no Olympic medals. Morocco No
94%
Cities that have hosted the Olympic games. Shanghai No
94%
Countries which have received no Olympic medals. Iran No
93%
Official events in either the Winter or Summer Olympic games (does not include demonstration sports). Darts No
92%
Official events in either the Winter or Summer Olympic games (does not include demonstration sports). Parkour No
92%
Cities that have hosted the Olympic games. Sydney Yes
92%
Official events in either the Winter or Summer Olympic games (does not include demonstration sports). Chess No
91%
Cities that have hosted the Olympic games. New York City No
91%
Countries which have received no Olympic medals. Peru No
91%
Official events in either the Winter or Summer Olympic games (does not include demonstration sports). Ultimate Frisbee No
91%
Cities that have hosted the Olympic games. Buenos Aires No
90%
Cities that have hosted the Olympic games. Tokyo Yes
90%
Athletes that have won multiple Olympic gold medals. Steve Prefontaine No
89%
Official events in either the Winter or Summer Olympic games (does not include demonstration sports). Bowling No
88%
Cities that have hosted the Olympic games. Chicago No
88%
Cities that have hosted the Olympic games. Seoul Yes
88%
Cities that have hosted the Olympic games. Berlin Yes
87%
Cities that have hosted the Olympic games. Rome Yes
86%
Cities that have hosted the Olympic games. Toronto No
85%
Athletes that have won multiple Olympic gold medals. Muhammad Ali No
84%
Official events in either the Winter or Summer Olympic games (does not include demonstration sports). Curling Yes
83%
Athletes that have won multiple Olympic gold medals. Ivica Kostelic No
83%
Countries which have never competed in the Winter Olympic games. Monaco No
83%
Cities that have hosted the Olympic games. Moscow Yes
83%
Athletes that have won multiple Olympic gold medals. Roger Bannister No
83%
Official events in either the Winter or Summer Olympic games (does not include demonstration sports). Ice Hockey Yes
81%
Athletes that have won multiple Olympic gold medals. Jesse Owens Yes
81%
Official events in either the Winter or Summer Olympic games (does not include demonstration sports). Mixed Martial Arts No
81%
Official events in either the Winter or Summer Olympic games (does not include demonstration sports). Ski Jumping Yes
81%
Athletes that have won multiple Olympic gold medals. Yuna Kim No
81%
Athletes that have won multiple Olympic gold medals. Shaquille O'Neal No
79%
Official events in either the Winter or Summer Olympic games (does not include demonstration sports). Speed Skating Yes
78%
Official events in either the Winter or Summer Olympic games (does not include demonstration sports). Water Polo Yes
78%
Countries which have received no Olympic medals. North Korea No
76%
Countries which have received no Olympic medals. Seychelles Yes
74%
Athletes that have won multiple Olympic gold medals. Tyson Gay No
74%
Athletes that have won multiple Olympic gold medals. Nadia Comaneci Yes
72%
Official events in either the Winter or Summer Olympic games (does not include demonstration sports). Handball Yes
71%
Countries which have never competed in the Winter Olympic games. Kenya No
70%
Countries which have never competed in the Winter Olympic games. Malta No
70%
Countries which have received no Olympic medals. Qatar No
68%
Countries which have received no Olympic medals. Botswana No
66%
Athletes that have won multiple Olympic gold medals. Eliud Kipchoge No
66%
Countries which have received no Olympic medals. San Marino No
66%
Countries which have received no Olympic medals. Syria No
66%
Countries which have never competed in the Winter Olympic games. Egypt No
64%
Countries which have received no Olympic medals. Andorra Yes
63%
Countries which have never competed in the Winter Olympic games. Libya Yes
63%
Countries which have never competed in the Winter Olympic games. Qatar Yes
63%
Countries which have never competed in the Winter Olympic games. Bahrain Yes
62%
Countries which have never competed in the Winter Olympic games. Botswana Yes
60%
Cities that have hosted the Olympic games. Amsterdam Yes
59%
Countries which have never competed in the Winter Olympic games. Costa Rica No
59%
Countries which have never competed in the Winter Olympic games. Bangladesh Yes
58%
Countries which have never competed in the Winter Olympic games. Cambodia Yes
57%
Countries which have received no Olympic medals. Madagascar Yes
57%
Countries which have never competed in the Winter Olympic games. Bhutan Yes
55%
Countries which have never competed in the Winter Olympic games. Belize Yes
54%
Official events in either the Winter or Summer Olympic games (does not include demonstration sports). Baseball Yes
51%
Official events in either the Winter or Summer Olympic games (does not include demonstration sports). BMX Racing Yes
51%
Athletes that have won multiple Olympic gold medals. Serena Williams Yes
51%
Countries which have received no Olympic medals. Somalia Yes
48%
Countries which have never competed in the Winter Olympic games. Bahamas Yes
47%
Official events in either the Winter or Summer Olympic games (does not include demonstration sports). Skateboarding Yes
47%
Countries which have never competed in the Winter Olympic games. Zimbabwe No
47%
Countries which have never competed in the Winter Olympic games. Afghanistan Yes
45%
Countries which have received no Olympic medals. El Salvador Yes
44%
Countries which have received no Olympic medals. Nicaragua Yes
34%
Athletes that have won multiple Olympic gold medals. Larisa Latynina Yes
28%
Athletes that have won multiple Olympic gold medals. Dawn Fraser Yes
27%
Athletes that have won multiple Olympic gold medals. Wilma Rudolph Yes
27%
Countries which have received no Olympic medals. Bolivia Yes
24%
No matching quizzes found
Score Distribution
Percent of People with Each Score
Percentile by Number Answered
Your Score History
You have not taken this quiz